[Event "Moscow Aeroflot op-A"]
[Site "Moscow"]
[Date "2005.02.20"]
[Round "6"]
[White "Gyimesi, Zoltan"]
[Black "Radjabov, Teimour"]
[Result "0-1"]
[WhiteElo "2602"]
[BlackElo "2667"]
[Annotator "Avrukh,B"]
[PlyCount "140"]
[EventDate "2005.02.15"]
[EventType "swiss"]
[EventRounds "9"]
[EventCountry "RUS"]
[SourceTitle "CBM 106"]
[Source "ChessBase"]
[SourceDate "2005.06.06"]
[SourceVersion "1"]
[SourceVersionDate "2005.06.06"]
[SourceQuality "1"]

{[%mdl 8]} 1. d4 Nf6 2. c4 g6 3. Nc3 Bg7 4. e4 d6 5. Nf3 O-O 6. Be2 e5 7. O-O
Nc6 8. d5 Ne7 9. b4 {Without any doubts recently the most popular line against
the King's Indian with 7...Nc6.} Nh5 10. Re1 f5 11. Ng5 Nf6 12. f3 ({The
alternaive is} 12. Bf3) 12... Kh8 13. c5 {White has a wide choice here :} (13.
Be3) (13. Rb1) (13. Qb3) 13... dxc5 $6 $146 {[%mdl 8] The best continuation
according to Fritz, but I really don't like it, it's much better to keep the
pawn structure elastic.} (13... Nh5 14. Bc4 Nf4 15. g3 h6 16. Ne6 Nxe6 17. dxe6
fxe4 18. fxe4 Nc6 {1/2-1/2 Shneider,A-Efimenko,Z/Istanbul 2003/CBM 096}) ({
Still} 13... h6 $5 {looks to me like the most convincing way for Black (not
only because it has been played in my game, but also it's the most logical
reaction).} 14. Ne6 Bxe6 15. dxe6 d5 $1 $132 {1/2-1/2 Rechlis,G-Avrukh,B/
Israel 2003/CBM 094/[Avrukh,B] (38)}) 14. bxc5 h6 15. Ne6 $2 ({I would really
reccommend} 15. Nh3 $1 {the continuation, which might really doubt Black's
13th move.} fxe4 16. fxe4 Bxh3 17. gxh3 {This definitely what White was afraid
of, but in my opinion it's hard for Black to use the exposed position of
White's K.} c6 (17... g5 18. Rb1 Rb8 (18... b6 19. Ba3) 19. h4 $5 gxh4 20. Kh1
$44) 18. d6 Nc8 19. Be3 b6 20. Qd2 Kh7 21. Rad1 Nd7 22. Na4 {in both cases I
would prefer White's position.}) 15... Bxe6 16. dxe6 Qd4+ $1 {The point of
Black's idea.} 17. Qxd4 exd4 18. Nb5 $1 {The critical continaution.} (18. Na4 {
would have been weaker} fxe4 19. fxe4 Nxe4 $1 (19... Rad8 $143 20. e5 Nfd5 21.
Rb1 b6 22. Bd3 $11) 20. Rb1 (20. Bf3 $2 d3 $19 {[%csl Ga1][%cal Gg7d4]}) 20...
Rab8 (20... b6 $2 21. Bf3 $16 {[%csl Ga8]}) 21. Bf3 Ng5 22. Bxg5 hxg5 {Black
remains with extrap pawn,though after} 23. Nb2 $1 {[%cal Gb2d3] White has
reasonable chances to escape.} (23. Bxb7 $140 d3 {[%cal Ce1d1,Cd1d3,Gg7d4]
looks horrible for White.})) 18... fxe4 19. fxe4 d3 20. Bf3 $2 {This is
already a serious mistake, which allows Black to take control over the game.} (
{White could have played} 20. Bxd3 $142 a6 (20... Ng4 $143 21. Rb1 a6 22. Be2
$1 $16) 21. Nd4 $1 {and strangely enough Black cannot win material, for
example:} Rad8 22. Bb2 Ng4 23. Be2 $1 {[%csl Gg4]} Ne3 (23... Nf2 24. Rab1 $3
Rxd4 25. Rf1 $14) 24. e5 Bxe5 25. Bf3 Nc4 26. Rxe5 Nxb2 27. Nb3 b6 $11) 20...
a6 $1 21. Nxc7 ({Doesn't help} 21. Nd6 cxd6 22. cxd6 Ne8 (22... Nxe4 23. Bxe4
Bxa1 24. dxe7 Bd4+ 25. Kh1 Rf6 26. Bxd3 Kg7 $17) 23. e5 (23. dxe7 Rxf3 24. gxf3
Bxa1 $19) 23... Nxd6 24. exd6 Bxa1 25. Bxh6 Bd4+ 26. Kh1 Rfe8 $1) ({Certainly
bad} 21. Na3 Nxe4 $19) 21... Rac8 22. e5 Nfg8 $1 {Very strong, Black needs to
control the e7-square.} 23. Nd5 Nxd5 24. Bxd5 Rfd8 $1 $17 {[%cal Od8d5,Cd5b7,
Gd3d2]} (24... Rxc5 $143 25. Bb3 Rxe5 26. Ba3 $44) 25. Bxb7 Rc7 26. Bf3 {
The most stubborn continuation} (26. Bxa6 d2 27. Bxd2 Rxd2 $19) (26. c6 d2 27.
Bxd2 Rxd2 28. Rad1 Rxd1 29. Rxd1 Ne7 $19) 26... d2 27. Bxd2 Rxd2 28. c6 Ne7 29.
Rab1 {[%cal Cc7c8,Cd2a2,Gb1b7]} Rd8 $1 ({less clear is} 29... Rc8 30. Rb7 Bf8
31. a4) 30. Rb7 Rdc8 31. Rd1 (31. Re4 Nf5 32. Ra4 Bxe5 33. Rxa6 Kg7 $19 {
[%cal Gg7f6]}) 31... Bxe5 32. Rd7 Rxb7 33. cxb7 Re8 34. Rd3 {[%cal Gd3a3]} a5 {
It goes without saying,that Black must keep his a-pawn alive.} 35. Ra3 Bc7 36.
Rc3 Bd6 {[%csl Ga3]} 37. Rd3 Bc5+ {winning important tempo.} 38. Kf1 Kg7 39.
Rb3 Bb4 $2 $138 ({The correct would had been} 39... Rb8 40. Rb5 Bb4 41. a3 Bxa3
42. Rxa5 Bd6 {with winning position.}) 40. Ke2 $2 {White didn't use a golden
opportunity with} (40. a3 $1 Bd6 41. Rb5 Kf6 42. Rxa5 Kxe6 43. a4 $11 {[%cal
Cd6h2,Ga5a8,Ga4a5,Ga5a6]}) 40... Kf6 41. Kd3 (41. a3 Nf5 42. Kf1 Nd4 43. Rd3
Bc5 44. Rc3 Bd6 45. Rc8 Ke7 $19) 41... Kxe6 42. Kc4 Kd7 43. Kb5 Kc7 {[%csl Gb8]
Now when Black's king controlls b8-square Black's rook might enter into the
game.} 44. a3 Bd6 {[%csl Gh2]} (44... Bd2 45. Rd3) 45. h3 Nf5 46. Kxa5 Kb8 $19
{This is exactly the position Black was aimed for. He has managed to block
b-pawn, and to consolidate his pieces. Now we have a technical phase of the
game, which was greatly executed by Teimour.} 47. Rc3 Bc7+ 48. Kb4 Nd4 {
[%csl Gf3]} 49. Bd5 Re5 {Trying to drive away White's bishop from h1-a8
diagonal.} 50. Kc4 Nf5 51. Bf3 $8 Nd6+ 52. Kd3 Ra5 (52... Rb5 $5) 53. Rb3 h5
54. Ke2 Nc4 {[%csl Ga3]} 55. h4 $1 {The only chance, fixing Black's pawns on
the kingside White sometimes can attack the g6-pawn, but with accurate play
Teimour manages to hold everything.} Ne5 $1 (55... Rxa3 $2 56. Rxa3 Nxa3 57.
Be4) 56. g3 (56. Be4 Ra4 $1 {[%csl Gh4]}) 56... Nxf3 57. Kxf3 Bd6 58. Kg2 (58.
g4 Ra4 $1 $19 {[%csl Gh4]}) 58... Ra6 59. a4 Bc7 60. Rb4 Rc6 {[%cal Gc6c3]} 61.
g4 hxg4 62. Rxg4 Kxb7 63. Rg5 {[%cal Gh4h5]} Bd8 64. Rb5+ Kc8 65. h5 g5 66. a5
Rh6 67. Kg3 Rxh5 68. a6 Rh7 69. Rc5+ Rc7 70. a7 Kb7 0-1

[Event "Moscow Aeroflot op-A"]
[Site "Moscow"]
[Date "2005.02.23"]
[Round "9"]
[White "Eljanov, Pavel"]
[Black "Radjabov, Teimour"]
[Result "1/2-1/2"]
[WhiteElo "2643"]
[BlackElo "2667"]
[Annotator "Avrukh,B"]
[PlyCount "70"]
[EventDate "2005.02.15"]
[EventType "swiss"]
[EventRounds "9"]
[EventCountry "RUS"]
[SourceTitle "CBM 106"]
[Source "ChessBase"]
[SourceDate "2005.06.06"]
[SourceVersion "1"]
[SourceVersionDate "2005.06.06"]
[SourceQuality "1"]

1. d4 Nf6 2. c4 g6 3. Nc3 Bg7 4. e4 d6 5. Nf3 O-O 6. Be2 e5 7. O-O Nc6 8. d5
Ne7 9. b4 Nh5 10. Re1 f5 11. Ng5 Nf6 12. Bf3 ({The alternative is} 12. f3)
12... c6 13. Qb3 ({Another popular line is} 13. Bb2) 13... h6 14. Ne6 Bxe6 15.
dxe6 Qc8 16. Ba3 ({Before this game White has tried} 16. Rd1 Rd8 17. b5 Qxe6
18. bxc6 Nxc6 19. exf5 Qxf5 20. Qxb7 Nd4 21. Bd5+ Kh7 22. Be3 Rab8 23. Qxa7 Rb2
24. Kh1 Ng4 25. Ne4 Rf8 $132 {0-1 Bacrot,E-Radjabov,T/Tripoli LBA 2004/The
Week in Chess 503 (41)}) 16... Qxe6 17. Rad1 Rfd8 18. b5 Kh7 19. Rd2 $146 {
An attempt to improve on his own game. Most probably Pavel was afraid of an
improvement, which definitely has been prepared by Teimour.} (19. bxc6 bxc6 20.
Qa4 Rac8 21. Qa6 $1 {A very strong prophylactic move, which prevents an
immediate d6-d5 move.} (21. Rd2 {[%cal Ge1d1]} d5 $1 {sacrificing back his
extra pawn Black obtains a comfortable play.} 22. exd5 cxd5 23. Bxe7 Qxe7 24.
Nxd5 Nxd5 25. Bxd5 e4 {and Black is not worse.}) 21... Ne8 {[%cal Ge8c7]} (
21... fxe4 $142 22. Nxe4 (22. Bxe4 Nxe4 23. Nxe4 d5 24. Bxe7 Qxe7 25. cxd5 cxd5
26. Rxd5 Rxd5 27. Qxc8 Qb4 28. Qc1 $14) 22... Nxe4 23. Bxe4 Rc7 (23... c5 24.
Qxa7) 24. Bb4 {[%cal Gb4a5]} (24. Rd3 c5) 24... Rcc8 25. Qxa7 Nf5 $132 {
[%cal Gf5d4]}) 22. Rc1 $44 {1-0 Eljanov,P-Nataf,I/Mallorca 2004/CBM 104/
[Avrukh,B] (55)}) 19... Rd7 20. bxc6 {Otherwise Black would close the position
with 20..c5, and it would be hard for White to find any targets for the attack.
} (20. Red1 $143 c5) 20... bxc6 ({It would be unwise to recapture with the N,
since after} 20... Nxc6 21. exf5 gxf5 22. Bd5 $1 Qe7 (22... Qe8 23. Nb5 $16 {
[%csl Gd6]}) 23. Qb1 $1 $16 {[%csl Gf5] White gets a clear edge.} e4 $140 24.
Nxe4 $1 fxe4 25. Bxe4+ Kh8 26. Bxc6 $18) 21. Red1 {[%csl Gd6]} Rad8 (21... c5
$2 22. exf5 {[%csl Ga8]}) 22. Qa4 $44 {Finally we achieved the position, which
both sides has aimed for. White has an obvious compensation for the pawn, but
it's not easy for him to seize his play on the Q-side, since Black can easily
defend his d6-pawn.} f4 $1 {Absolutely correct decision, Black prepares a
kingside offensive, at the same time limiting the activity of White's
light-squared bishop by removing the option of a possible capture.} 23. Qb4 {
[%csl Gd6] Trying to create some weaknesses in Black's camp.} ({After logical} 
23. Qa6 g5 24. Be2 g4 25. Rd3 h5 {although Black's attack doesn't look
dangerous without light-squared bishop, it's very hard for White to organize
his play on the Q-side.}) 23... Nc8 ({Premature would be} 23... c5 $143 $6 24.
Qb5 {[%csl Gd5]}) 24. Be2 {Defending c4-pawn.} g5 25. Qa4 Nb6 $1 (25... Ne7 26.
Qb4 Nc8 $11) 26. Qa6 ({Very bad} 26. Qxc6 $143 $6 Rc8 27. Qb5 Nxc4 28. Qa6 Rdc7
$17) 26... f3 $6 {At first sight this pawn sacrifice looks very attractive,
Black's gets a wonderful outpost for his knight on f4 and it looks like Black
has a very good chances to decide the game with the attack on the kingside.} ({
In my opinion} 26... g4 {would have been preferable, keeping the tension near
White's K.}) 27. gxf3 (27. Bxf3 $2 Nxc4 $17) 27... Nh5 {[%cal Cc4c5,Cc5b6,
Gh5f4]} 28. c5 $1 {Just in time, the correct approach, which allows White to
simplify the position and to avoid a very unpleasant attack on the kingside.} (
{After} 28. Na4 $143 Nf4 29. Bf1 g4 $1 {Black's attack looks extremely
dangerous.}) 28... dxc5 29. Rxd7 Rxd7 30. Bxc5 Nf4 31. Rxd7 Nxd7 {Black will
try to activate his knight via the e5-square, after the coming exchange on f4.}
(31... Qxd7 32. Be3 $11) 32. Be3 Qh3 33. Bxf4 {An obligatory decision.} (33.
Bf1 Qxf3 $17) 33... exf4 34. Qc8 $5 (34. Qxc6 Ne5 35. Qd5 h5 (35... g4 36. Qe6
Nxf3+ 37. Bxf3 Qxf3 38. Qf5+ Kh8 39. Qc8+ $11) 36. Nb5 g4 37. Qe6 Nxf3+ 38.
Bxf3 Qxf3 39. Qf5+ Kh6 40. h4 $3 gxh3 41. Qe6+ Kg5 42. Qd5+ $11) 34... Qe6 ({
After} 34... Bxc3 35. Bc4 h5 36. Bf7 $1 {White manages to hold balance, for
example :} Bg7 (36... Kg7 37. Be8 Bd4 38. Qxd7+ Qxd7 39. Bxd7 c5 40. Bb5 $11)
37. e5 Qxf3 (37... Qf5 38. Bg8+ Kh6 39. Qxc6+ $11) 38. Qxd7 Qe4 39. Bxh5 f3 40.
Qd1 g4 41. h3 $11) 35. e5 h5 $2 {A draw has been agreed in this position, in
my opinion Black could have been punished for his mistake...} (35... Bxe5 36.
Bd3+ Kg7 37. Bc4 Qxc4 38. Qxd7+ Qf7 39. Qxc6 $11) ({The critical continaution
was} 35... Nf8 36. Qb7 Qxe5 37. Ne4 {and White's compensation should be
sufficient for a draw.}) ({, since after} 35... h5 $2 36. Ne4 Kh6 37. Bc4 $1
Qxc4 38. Qxd7 Bxe5 39. Qf5 {White has clearly better chances without much risk.
}) 1/2-1/2

[Event "Dos Hermanas-A"]
[Site "Dos Hermanas"]
[Date "2005.04.01"]
[Round "1"]
[White "Radjabov, Teimour"]
[Black "Azmaiparashvili, Zurab"]
[Result "1/2-1/2"]
[WhiteElo "2673"]
[BlackElo "2671"]
[Annotator "Lukacs,P"]
[PlyCount "50"]
[EventDate "2005.04.01"]
[EventType "tourn"]
[EventRounds "9"]
[EventCountry "ESP"]
[EventCategory "16"]
[SourceTitle "CBM 107"]
[Source "ChessBase"]
[SourceDate "2005.08.01"]
[SourceVersion "1"]
[SourceVersionDate "2005.08.01"]
[SourceQuality "1"]

1. e4 c6 2. c4 d5 3. cxd5 cxd5 4. exd5 Nf6 5. Qa4+ Nbd7 6. Nc3 g6 7. Nf3 Bg7 8.
Bc4 a6 (8... O-O 9. d3 Nb6 10. Qb3 Bg4 11. Ne5 Bf5 12. O-O {Black has serious
problems gaining back the d5 P.} Rc8 13. Re1 Ne8 {If Black has to blockade d6,
White's space advantage in the [+] becomes annoying.} (13... Nfd7 14. Nxd7 Qxd7
15. Bg5 $16) 14. Bf4 (14. a4 Nd6 $13 {Gashimov-Szczechowicz, Bydgoszcz 1999})
14... Nd6 15. h3 $14 {Panno-Tempone, Argentina 1995}) 9. d3 O-O 10. Qa3 b6 {
/\ Bb7, b5, Nb6 winning back the sacrificed P, but it costs precious time.} (
10... Ne8 $143 {gives up the fight for >< d5 forever.} 11. Bf4 Nb6 (11... Ndf6
12. O-O Nd6 13. Rfe1 Re8 14. h3 $14 {and White has a strong pressure in the [+]
, Gagunashvili-Barnaure, Dubai 2004.}) 12. O-O Nd6 13. Rfe1 {There is no need
to defend the passive c4 B.} (13. Qb3 Bf5 14. Rfe1 Rc8 15. Rac1 $5 (15. Nd2 Nd7
$132 {Cicak-Larsson, SWE-chT 2002-03})) 13... Nbxc4 14. dxc4 Nxc4 15. Qb4 Nd6
16. Rxe7 Qxe7 17. Bxd6 $16) (10... Nb6 $142 11. Qb3 Bg4 (11... Bf5 12. O-O Qc7
13. Bg5 Nxc4 14. dxc4 Bd3 15. d6 $1 Qxd6 (15... exd6 $2 16. Bxf6 Bxf1 (16...
Bxf6 17. Nd5 $18) 17. Nd5 Qxc4 18. Rxf1 Qxb3 19. axb3 $16) 16. Rfd1 Rac8 17.
Bxf6 Bxf6 18. Ne4 Bxe4 19. Rxd6 exd6 $14 {and Black has some compensation for
sacrificed Q, but probably not 100%, Naer-Erenburg, Ashdod 2004.}) 12. Be3 (12.
Ne5 Qc7 $13) 12... Nbd7 13. Qxb7 Bxf3 14. gxf3 Rb8 15. Qxa6 {White has a lot
of extra pawns, but his P structure is seriously weakened, his K has no
shelter.} Rxb2 16. Qa3 Rb8 17. Ke2 (17. O-O Ne5 18. Kg2 Qd7) (17. f4 Ng4 18.
O-O e5 $1 19. dxe6 Qh4 20. exf7+ Kh8 $44) 17... Ne5 $44 {Rahman-Neelotpal,
Dhaka 1999}) 11. O-O Bb7 12. Re1 Re8 (12... b5 13. Bb3 Re8 14. Ng5 {- 12.Re1})
13. Ng5 $5 (13. Bg5 b5 14. Bb3 Nb6 15. Bxf6 (15. Re2 Nbxd5 $13 {Vaisman-D.Ross,
FRA-chT 1989}) 15... Bxf6 {and White cannot hold his stronghold on d5 anymore.}
16. Ne4 Bg7 $13) 13... h6 $5 (13... b5 14. Bb3 Nb6 (14... Qb6 $143 {is not
fighting directly against >< d5.} 15. Qb4 Qd6 (15... a5 $5 16. Qxb5 Qxb5 17.
Nxb5 a4 18. Bc4 $16) (15... h6 16. Nge4 a5 17. Qxb5 Qxb5 18. Nxb5 a4 19. Bc4
$16) 16. Qh4 h5 (16... Rac8 17. Nce4 $16) 17. Nxf7 $1 Kxf7 18. Re6 Qc5 19. Be3
Qc8 20. d6 Kf8 21. Bf4 {1-0 Rahman-Villamayor, Manila 1995}) (14... Rc8 $5 $13)
(14... h6 {helps only for White.} 15. Nge4 Nxe4 16. dxe4 Ne5 17. Rd1 Qc7 18. d6
exd6 19. Qxd6 Qxd6 20. Rxd6 $14 {Naer-Mittelman, Ashdod 2004}) 15. d6 e6 {
Now >< d6 becomes vulnerable, Black's pieces are rather active.} 16. Nge4 (16.
Qb4 h6 17. Nge4 Nfd5 18. Nxd5 Nxd5 $142 $13 (18... exd5 {closes the /^ of the
light-squared B.} 19. Nc5 Qxd6 20. Bf4 Qf8 21. d4 Nc4 $13 {Goreskul-Mokalets,
UKR-ch 2004})) 16... Nxe4 {- Macieja-L.Dominguez, Bermuda 2005 CBM 106} (16...
Nbd7 {- Harikrishna-l.Dominguez, Bermuda 2005 CBM 106})) 14. Nge4 Ne5 15. Bf4 (
15. Qb3 $143 b5 16. Nc5 Qc7 $17) (15. Nxf6+ exf6 $44) 15... Nh5 {Black
refrains from taking back the P.} (15... Nxd5 16. Nxd5 Bxd5 17. Bxd5 Qxd5 18.
Nc3 Qd6 {/\ Nf3} 19. Qa4 $14 {and the pin is still annoying.}) 16. Bxe5 Bxe5
17. Rad1 (17. Nc5 $5 {leads to an interesting tactical skirmish.} Bd6 (17...
Bxh2+ 18. Kxh2 Qc7+ 19. Kg1 bxc5 20. Ne4 Rac8 21. Rac1 $14) 18. Nxb7 Bxa3 19.
Nxd8 Bxb2 20. Nxf7 Bxa1 (20... Kxf7 21. d6+ e6 22. d7 Re7 (22... Red8 23. Bxe6+
Kf8 24. Nd5 Bxa1 25. Rxa1 Ng7 26. Bh3 $16) 23. Nd5 Bxa1 24. Nxb6 Rd8 25. Rxa1
a5 26. Bb5 Nf6 27. Kf1 Nxd7 28. Nxd7 Rexd7 29. Bxd7 Rxd7 30. Ke2 $14 {and the
extra P is not a guarantee for a win in the R _|_.}) 21. Nxh6+ Kg7 22. Rxa1
Kxh6 $11) 17... Qc7 (17... Rc8 $6 18. Qb3 b5 19. a4 $16) 18. g3 (18. d6 $5 {
is a typical method to give back the P just in time.} Bxd6 (18... exd6 19. Nd5
Qd8 20. d4 Bxh2+ 21. Kxh2 Qh4+ 22. Kg1 Rxe4 23. Rxe4 Qxe4 24. Qxd6 Re8 $14) 19.
Nxd6 Qxd6 20. Qxd6 exd6 21. Bd5 Rxe1+ 22. Rxe1 Bxd5 23. Nxd5 $14 {with the
more active pieces in the _|_.}) 18... Rad8 (18... Nf6 {was also interesting.}
19. d4 (19. Nxf6+ exf6 $44 {and the dark-squared B is very strong.}) (19. Rc1
Nxe4 20. Nxe4 Rac8 $44) 19... Qxc4 20. dxe5 Nxd5 21. b3 Qb4 $13) 19. Bb3 (19.
Rc1 $5 b5 20. Bb3 Nf6 (20... Qb6 21. Qc5) 21. Nxf6+ exf6 22. Nxb5 Qb6 23. Nc3
Bd4 $44 {and the black ^^ is very active.}) 19... Nf6 20. d4 Bd6 21. Nxd6 Qxd6
22. Qxd6 Rxd6 {>< d5 can still be defended, but the repetition of moves is
inevitable.} 23. Re5 Ng4 24. Re4 Nf6 25. Re5 Ng4 1/2-1/2

[Event "Dos Hermanas-A"]
[Site "Dos Hermanas"]
[Date "2005.04.03"]
[Round "3"]
[White "Radjabov, Teimour"]
[Black "Felgaer, Ruben Alejandro"]
[Result "1/2-1/2"]
[WhiteElo "2673"]
[BlackElo "2593"]
[PlyCount "31"]
[EventDate "2005.04.01"]
[EventType "tourn"]
[EventRounds "9"]
[EventCountry "ESP"]
[EventCategory "16"]
[SourceTitle "CBM 107"]
[Source "ChessBase"]
[SourceDate "2005.08.01"]
[SourceVersion "1"]
[SourceVersionDate "2005.08.01"]
[SourceQuality "1"]

1. d4 d5 2. c4 c6 3. Nc3 dxc4 4. e3 b5 5. a4 b4 6. Ne4 Qd5 7. Nd2 c3 8. bxc3
bxc3 9. Nc4 Nf6 10. Qb3 Nbd7 11. Nf3 Rb8 12. Qxc3 e6 13. Qc2 Bb4+ 14. Bd2 O-O
15. Bd3 Bxd2+ 16. Ncxd2 1/2-1/2

[Event "Dos Hermanas-A"]
[Site "Dos Hermanas"]
[Date "2005.04.05"]
[Round "5"]
[White "Radjabov, Teimour"]
[Black "Karjakin, Sergey"]
[Result "1-0"]
[WhiteElo "2673"]
[BlackElo "2635"]
[Annotator "Postny,E"]
[PlyCount "61"]
[EventDate "2005.04.01"]
[EventType "tourn"]
[EventRounds "9"]
[EventCountry "ESP"]
[EventCategory "16"]
[SourceTitle "CBM 107"]
[Source "ChessBase"]
[SourceDate "2005.08.01"]
[SourceVersion "1"]
[SourceVersionDate "2005.08.01"]
[SourceQuality "1"]

1. e4 e5 2. Nf3 Nc6 3. d4 exd4 4. Nxd4 Nf6 5. Nxc6 bxc6 6. e5 Qe7 7. Qe2 Nd5 8.
c4 Nb6 ({Other main line goes with} 8... Ba6) 9. Nc3 Qe6 {Opening the diagonal
for the dark-squared bishop and eyeing the Pc4 as well.} ({A common
alternative is} 9... a5) 10. Qe4 Ba6 ({The alternatives are:} 10... g6 {
--> 1-0 Rublevsky,S-Lautier,J/Poikovsky 2004/CBM 100 [Postny,E] (49)}) (10...
d5 {--> 1-0 Pavasovic,D-Carlsen,M/Wijk aan Zee 2004/CBM 99 [Postny,E]}) (10...
Bb4 11. Bd2 Ba6 12. b3 {leads to the same position by different order of moves.
}) 11. b3 Bb4 12. Bd2 Bxc3 {This exchange allows Black to carry out the d7-d5
thrust.} 13. Bxc3 d5 14. Qh4 {This move was introduced by G.Kasparov in
Sarajevo 1999 and caused black a serious worry in this opening line. However,
since then Black has found sufficient defensive ideas, so the whole variation
became playable for black.} ({Less dangerous for black is} 14. Qf3 {--> 1/2-1/
2 Ponomariov,R-Spassky,B/Cannes 1998/CBM 65 [Mikhalevski,V] (58)}) 14... dxc4
15. Rc1 $1 {This move was certainly prepared by Radjabov before the game.
Almost all previous games (including Kasparov's one) continued with 15.Be2.} (
15. Be2 Nd5 16. Bxc4 g5 $1 {Check the recent annotated games Mamedov,
R-Karjakin,S/Calvia 2004/CBM 104 (0-1,34) [Postny] and Sutovsky,E-Karjakin,S/
Pamplona 2004/CBM 105 (0-1,57) [Erenburg]}) 15... O-O 16. Be2 Nd5 $146 {
This tempting move is a novelty.} ({White got a stable advantage in the
endgame after} 16... Nd7 17. O-O Nxe5 18. Rfe1 f6 19. Bxe5 fxe5 20. Bxc4 Bxc4
21. Qxc4 Qxc4 22. Rxc4 {1-0 Macieja,B-Kortschnoj,V/Calvia 2004/CBM 104 (66)})
17. Ba1 Nb4 18. bxc4 Rad8 (18... Nxa2 19. Rd1 f5 $5 (19... Nb4 20. O-O c5 21.
f4 $16 f5 $140 $2 22. exf6 $1 Qxe2 23. Rd7 Rf7 24. Rxf7 Kxf7 25. Re1 $18 {
[%csl Rf7][%cal Ge1e7]}) 20. O-O (20. exf6 $2 Rae8 21. O-O Qxe2 22. Rd7 Rf7 23.
Rxf7 Kxf7 24. Qf4 (24. Qxh7 $2 {[%tqu "En","Please enter a move for black.","",
"","e2f1","",5]} Qxf1+ $1 25. Kxf1 Bxc4+ 26. Kg1 Re1#) 24... Bxc4 25. Qxc7+ Re7
$1 26. Qxe7+ Qxe7 27. fxe7 Bxf1 28. Kxf1 g6 29. Bf6 Nb4 $19 {[%csl Re7][%cal
Gb4d5]}) 20... Nb4 21. Rd2 {and after following 22.Rfd1 White's chances are
considerably better thanks to the pair of strong bishops and control of the
d-file.}) 19. O-O Nd3 20. Rc3 Nxe5 21. Re3 Ng6 (21... f6 22. f4 Ng6 23. Rxe6
Nxh4 24. Rxc6 Bb7 25. Rxc7 Bxg2 26. Rd1 {and White's passed c-pawn might play
a decisive role in this endgame.}) 22. Qg5 $1 ({After} 22. Rxe6 $6 Nxh4 23.
Rxc6 Bb7 24. Rxc7 Bxg2 {Black has sufficient counterplay.}) 22... Qd7 (22...
Qc8 23. Bg4 {forcing Black either to play f7-f5, or to move his queen far away.
..}) 23. h4 f6 (23... Rfe8 24. h5 f6 $8 (24... Rxe3 $2 25. hxg6 $18 {[%csl Rg7]
[%cal Gg6h7]}) 25. Qg3 $40) 24. Qa5 Qc8 25. Rg3 Qe6 (25... Rf7 26. h5 Nf4 27.
Bg4 f5 28. Bf3 {[%csl Ga1,Rg7][%cal Gh5h6,Ga1h8] and black won't survive the
pressure on his Pg7.}) 26. Re3 Qc8 27. Re1 Nxh4 {This capture loses by force,
but it's very hard to suggest any reasonable improvement for Black.} (27...
Rfe8 28. Bg4 $1 {and White is winning material.}) (27... Nf4 28. Bf1 {and
White is dominating.}) 28. Rh3 Ng6 (28... Nf5 29. Bg4 g6 30. Bxf5 gxf5 31. Rg3+
Kh8 32. Qe5 $1 {with forced mate according to Fritz.}) 29. Qh5 Qe6 30. Qxh7+
Kf7 31. Rg3 {Very strong performance by Radjabov. It's very hard to point out
the decisive mistake by Black...} 1-0